Score 0/18 Timer 02:00
0 Plays Today
Hint Answer % Correct
5-Letter Words☉SPURS☉
93%
5-Letter WordsSHORT
91.6%
5-Letter Words☉WHITE☉
87.4%
5-Letter WordsSPORT
84.5%
4-Letter WordsHARE
84%
5-Letter WordsSHINE
83.4%
5-Letter WordsWHINE
79.7%
5-Letter WordsSHORE
79.1%
5-Letter WordsSPURT
77.5%
Hint Answer % Correct
4-Letter WordsFORE
77.4%
4-Letter WordsHIRE
77%
4-Letter WordsFIRE
76.4%
5-Letter WordsSHIRE
74.2%
4-Letter Words☉LANE☉
73.6%
4-Letter Words☉HART☉
68.6%
4-Letter WordsCARE
64.4%
4-Letter WordsCORE
64.3%
4-Letter WordsCANE
62.6%

Today's Daily Dose

Missing Word
I Hardly Know Her!

Word Ladder
Sentence Ending

Quick Pick
Female Firsts

Get the Picture
Triathlon Sports

Remove Ads.
Support Sporcle.
Get the best of Sporcle when you Go Orange. This ad-free experience offers more features, more stats, and more fun while also helping to support Sporcle. Thank you for becoming a member.

You're not logged in!

Compare scores with friends on all Sporcle quizzes.
OR
Log In

Show Comments

Extras

Top Quizzes Today


Score Distribution

Your Account Isn't Verified!

In order to create a playlist on Sporcle, you need to verify the email address you used during registration. Go to your Sporcle Settings to finish the process.

Report this User

Report this user for behavior that violates our Community Guidelines.

Details: